000 00360nam a2200145Ia 4500
008 191201s2005 xx 000 0 und d
082 _a485.5
_bBHP
100 _aBHATIA, Pravin S R
245 0 _aProfessional Communication Skills
250 _a1st Rep
260 _aN.Delhi
_bS Chand and Co. Ltd.
_c2005
300 _a178
650 _aApplied
942 _2ddc
_cBK
999 _c909
_d909